Management lessons from Mayo Clinic : (Record no. 1271)

MARC details
000 -LEADER
fixed length control field 01347cam a2200409 a 4500
003 - CONTROL NUMBER IDENTIFIER
control field data
005 - DATE AND TIME OF LATEST TRANSACTION
control field 20260322212053.0
008 - FIXED-LENGTH DATA ELEMENTS--GENERAL INFORMATION
fixed length control field data
010 ## - LIBRARY OF CONGRESS CONTROL NUMBER
LC control number 2008531041
015 ## - NATIONAL BIBLIOGRAPHY NUMBER
National bibliography number GBA884540
Source bnb
020 ## - INTERNATIONAL STANDARD BOOK NUMBER
International Standard Book Number 9780071590730
020 ## - INTERNATIONAL STANDARD BOOK NUMBER
International Standard Book Number 0071590730
040 ## - CATALOGING SOURCE
Original cataloging agency NLM
Transcribing agency NLM
Modifying agency DLC
-- BAKER
-- OCP
-- BWX
-- YDXCP
-- UKM
-- DLC
042 ## - AUTHENTICATION CODE
Authentication code nlmcopyc
043 ## - GEOGRAPHIC AREA CODE
Geographic area code n-us---
050 00 - LIBRARY OF CONGRESS CALL NUMBER
Classification number RA982 .M6
Item number B36 2008
060 10 - NATIONAL LIBRARY OF MEDICINE CALL NUMBER
Classification number WX 28 AM6
Item number B534m 2008
082 00 - DEWEY DECIMAL CLASSIFICATION NUMBER
Classification number 362.11068
Edition information 22
082 04 - DEWEY DECIMAL CLASSIFICATION NUMBER
Classification number 658.913621
Item number M473Zb, 2008
001 - CONTROL NUMBER
control field data
100 1# - MAIN ENTRY--PERSONAL NAME
Personal name Berry, Leonard L.,
Dates associated with a name 1942-
245 10 - TITLE STATEMENT
Title Management lessons from Mayo Clinic :
Remainder of title inside one of the world's most admired service organizations /
Statement of responsibility, etc. Leonard L. Berry & Kent D. Seltman.
260 ## - PUBLICATION, DISTRIBUTION, ETC.
Place of publication, distribution, etc. New York :
Name of publisher, distributor, etc. McGraw-Hill,
Date of publication, distribution, etc. c2008.
300 ## - PHYSICAL DESCRIPTION
Extent xv, 276 p. :
Other physical details ill., ports. ;
Dimensions 24 cm.
504 ## - BIBLIOGRAPHY, ETC. NOTE
Bibliography, etc. note Includes bibliographical references and index.
610 20 - SUBJECT ADDED ENTRY--CORPORATE NAME
Corporate name or jurisdiction name as entry element Mayo Clinic
General subdivision History.
610 22 - SUBJECT ADDED ENTRY--CORPORATE NAME
Corporate name or jurisdiction name as entry element Mayo Clinic.
650 #0 - SUBJECT ADDED ENTRY--TOPICAL TERM
Topical term or geographic name entry element Hospitals
General subdivision Administration.
Geographic subdivision United States
650 #0 - SUBJECT ADDED ENTRY--TOPICAL TERM
Topical term or geographic name entry element Management.
650 #0 - SUBJECT ADDED ENTRY--TOPICAL TERM
Topical term or geographic name entry element Success in business.
650 #2 - SUBJECT ADDED ENTRY--TOPICAL TERM
Topical term or geographic name entry element Hospitals, General
General subdivision history
Geographic subdivision Minnesota.
650 #2 - SUBJECT ADDED ENTRY--TOPICAL TERM
Topical term or geographic name entry element History, 20th Century
Geographic subdivision Minnesota.
650 #2 - SUBJECT ADDED ENTRY--TOPICAL TERM
Topical term or geographic name entry element History, 21st Century
Geographic subdivision Minnesota.
650 #2 - SUBJECT ADDED ENTRY--TOPICAL TERM
Topical term or geographic name entry element Hospital Administration
General subdivision history
Geographic subdivision Minnesota.
650 #2 - SUBJECT ADDED ENTRY--TOPICAL TERM
Topical term or geographic name entry element Leadership
Geographic subdivision Minnesota.
700 1# - ADDED ENTRY--PERSONAL NAME
Personal name Seltman, Kent D.
Holdings
Withdrawn status Lost status Damaged status Not for loan Home library Current library Shelving location Date acquired Total checkouts Full call number Barcode Date last seen Price effective from Koha item type
        Riverside Riverside General stacks 22/03/2026   362.11068 22 BC0011313 22/03/2026 22/03/2026 Books